Statistics for Biggest Cities West of the Mississippi in 1950

Click here to take the quiz!

General Stats

  • This quiz has been taken 46 times
  • The average score is 17 of 20

Answer Stats

# Population U.S. City % Correct
11,970,358Los Angeles
100%
3775,357San Francisco
100%
4596,163Houston
100%
15334,387San Diego
100%
9434,462Dallas
100%
7467,591Seattle
97%
2856,796St. Louis
95%
14373,628Portland
95%
8456,622Kansas City
95%
10415,786Denver
95%
11408,442San Antonio
92%
20243,504Oklahoma City
92%
6521,718Minneapolis
92%
5570,445New Orleans
89%
18251,117Omaha
81%
16311,349St. Paul
78%
13384,575Oakland
76%
12396,000Memphis
62%
17278,778Fort Worth
54%
19250,767Long Beach
46%

Score Distribution

Percentile by Number Answered

Percent of People with Each Score

Your Score History

You have not taken this quiz